400 años de legislación comunal en la América española

Сохранить в:
Библиографические подробности
Главный автор: Enjuto Ferran, Federico (Автор)
Формат:
Язык:испанский
Опубликовано: Ciudad de México, México Orión 1945
Серии:Historia, 1954
Предметы:
Метки: Добавить метку
Нет меток, Требуется 1-ая метка записи!

MARC

LEADER 00000nam a2200000 a 4500
001 UCP9375
003 CL-VaPUC
005 20210608001354.0
008 000324e19450000MX |||||||||||||||||spa|d
999 |c 286191  |d 286189 
040 |c Pontificia Universidad Católica de Valparaíso 
082 0 4 |a 352.046 ENJ 1945  |2 21 
100 0 |a Enjuto Ferran, Federico  |e author  |9 439905 
245 1 0 |a 400 años de legislación comunal en la América española 
260 |a Ciudad de México, México  |b Orión  |c 1945 
300 |a 353 páginas 
490 0 |a Historia,  |v  1954 
583 |a last modification  |c 20000324 00:00:00  |k Rodrigo Vera 
650 7 |a DERECHO ESPAÑOL  |2 CL-VaPUC  |9 400154 
650 0 |a Historia del derecho  |z ESPAÑA  |9 255109 
650 0 |a Ordenamiento jurídico   |z ESPAÑA  |9 355371 
852 |a BIBCUR 
942 |c BK  |2 ddc 
945 |d 20000324 00:00:00  |a crobeson 
952 |0 0  |1 0  |2 ddc  |4 0  |6 352_046000000000000_ENJ_1945  |7 0  |8 X  |9 331683  |a BIBHIS  |b BIBHIS  |d 2019-11-20  |i 1397907  |o 352.046 ENJ 1945  |p 1397907  |r 2024-01-30  |t 1  |w 2019-11-20  |y BK_X  |k HIS